Представление документа в формате RUSMARC

ПолеНазваниеЗначение
  Тип записи a
  Библиографический уровень a
001 Контрольный номер RU/CBS_Ul/BASE/443214613
005 Дата корректировки 20240209175134.6
100 Данные общей обработки __
a Данные общей обработки 20140116d2014 ||| 0rusy0189 ca
101 Язык документа 0_
a Язык текста rus
102 Страна публикации __
a Страна публикации RU
105 Кодированные данные (монография) __
a Кодированные данные (монография) y###||||000|y
200 Заглавие и сведения об ответственности 1_
a Заглавие Усадьба "Рождествено" от царевича Алексея до Владимира Набокова
b Общее обозначение материала Текст
f Первые сведения об ответственности А. Шлыков
300 Общие примечания __
a Общие примечания Ограничения по возрасту -16 +
461 Уровень набора _0
1 2000
a Русский репортер
463 Уровень физической единицы _0
1 001RU/CBS_Ul/BASE/440385969
1 2000
a №48
v С. 73.
1 210
d 2013
600 Персоналии __
a Персоналии (Фамилия) Набоков
b Персоналии (Имя, инициалы) В.В.
606 Тематические рубрики __
a Основная рубрика Музеи - Ленинградская область
610 Ключевые слова __
a Ключевые слова музеи
a Ключевые слова усадьбы
a Ключевые слова писатели
a Ключевые слова русские писатели
686 Индексы других классификаций __
a Классификационный индекс 79.1
2 Код системы ББК
700 Автор _1
a Фамилия Шлыков
b Имя (инициалы) А.
g Полное личное имя Алексей
801 Источник записи _0
a Страна RU
b Организация МБУК ЦБС г. Ульяновска
c Дата составления 20140116
g Правила каталогизации RCR
801 Источник записи _1
a Страна RU
b Организация МБУК ЦБС г. Ульяновска
c Дата составления 20140116
g Правила каталогизации RCR
901 Тип документа __
t Тип документа b
w Контрольный № источника RU/CBS_Ul/BASE/440385969
910 Корректоры записи __
a Корректор записи Библиотека 8
938 Служебная информация __
a Имя БД period